-
Meier M. Gerald Rauch E. Sames
Entry Personal Name
Number of records used in: 3
001 - CONTROL NUMBER
003 - CONTROL NUMBER IDENTIFIER
005 - DATE AND TIME OF LATEST TRANSACTION
- control field:
20160429153831.0
008 - FIXED-LENGTH DATA ELEMENTS
- fixed length control field:
160429|| aca||aabn | a|a d
040 ## - CATALOGING SOURCE
- Original cataloging agency:
OSt
- Transcribing agency:
OSt
100 ## - HEADING--PERSONAL NAME
- Personal name:
Meier M. Gerald Rauch E. Sames
670 ## - SOURCE DATA FOUND
- Source citation:
Work cat.: (OSt): Meier M. Gerald Rauch E. Sames, Leading Issues in Economic Development, 2004